Logo CIB grande

Introductions to robotics mechanics and control (Registro nro. 237434)

Detalles MARC
000 -LEADER
campo de control de longitud fija 00550nam a2200205Ia 4500
005 - FECHA Y HORA DE LA ÚLTIMA TRANSACCIÓN
campo de control 20250425162833.0
008 - DATOS DE LONGITUD FIJA--INFORMACIÓN GENERAL
campo de control de longitud fija 250425s9999 xx 000 0 und d
020 ## - NÚMERO INTERNACIONAL ESTÁNDAR DEL LIBRO
Número Internacional Estándar del Libro 9780133489798
082 ## - NÚMERO DE LA CLASIFICACIÓN DECIMAL DEWEY
Número de clasificación 629.895
Iniciales del Autor CRA
010 ## - NÚMERO DE CONTROL DE LA BIBLIOTECA DEL CONGRESO
Número de control de LC 112160
100 ## - ENTRADA PRINCIPAL--NOMBRE DE PERSONA
Nombre de persona Craig, Jhon
245 #0 - MENCIÓN DEL TÍTULO
Título Introductions to robotics mechanics and control
Mención de responsabilidad, etc. John Craig
250 ## - MENCION DE EDICION
Mención de edición Fouth edition
260 ## - PUBLICACIÓN, DISTRIBUCIÓN, ETC.
Lugar de publicación, distribución, etc. New York
Nombre del editor, distribuidor, etc. Pearson
Fecha de publicación, distribución, etc. 2018
300 ## - DESCRIPCIÓN FÍSICA
Extensión 438 páginas
Otras características físicas gráficos
Dimensiones 24 cm.
500 ## - NOTA GENERAL
Nota general Incluye index
650 ## - PUNTO DE ACCESO ADICIONAL DE MATERIA--TÉRMINO DE MATERIA
Término de materia o nombre geográfico como elemento de entrada Robótica
902 ## - ELEMENTOS DE DATOS B LOCAL, LDB (RLIN)
a Libro
c Impreso
942 ## - ELEMENTOS DE ENTRADA SECUNDARIOS (KOHA)
Tipo de ítem Koha Libros
Existencias
Estatus retirado Estado de pérdida Estado de daño No para préstamo Biblioteca de origen Biblioteca actual Fecha de adquisición Coste, precio normal de compra Etiqueta RFID Total de préstamos Código de barras Visto por última vez Copia número Fecha de reemplazo Tipo de ítem Koha Nota pública
        CENTRO DE INFORMACIÓN BIBLIOTECARIA CENTRO DE INFORMACIÓN BIBLIOTECARIA 18/10/2022 351.00 0000000000000000035908   80667 08/08/2025 1 08/08/2025 Libros Compra / Cladeli

Copyright 2025 ESPOL. Todos los derechos reservados.